Statistiques concernant đź“– 150 premiers mots"Le vieux qui voulait..." Jonasson

Cliquez ici pour prendre le quiz!

Statistiques générales

  • Ce quiz a Ă©tĂ© pris 11 fois
  • Le rĂ©sultat moyen est 91 sur 150

Statistiques - réponses

Mots% Correct
Ă 
100%
Allan
100%
c'
100%
d'
100%
et
100%
Il
100%
il
100%
'Indonésie'
100%
Jonsson.
100%
Julius
100%
l'
100%
la
100%
le
100%
les
100%
n'
100%
qu'
100%
qui
100%
s'
100%
son
100%
Suède
100%
vie
100%
année
89%
avait
89%
de
89%
des
89%
Ă©tait
89%
lui
89%
mais
89%
Mais
89%
pas
89%
plus
89%
sa
89%
se
89%
un
89%
Une
89%
une
89%
unième
89%
vieux
89%
cent
78%
en
78%
En
78%
leur
78%
sur
78%
cent
67%
dans
67%
existence.
67%
île
67%
petit
67%
si
67%
tous
67%
y
67%
importe
56%
Pendant
56%
temps,
56%
toutes
56%
deux ...
44%
encore
44%
été
44%
non,
44%
Karlson
33%
paradisiaque
33%
Pourtant,
33%
ami,
22%
cela,
22%
couleurs.
22%
ombre
22%
rien
22%
afin
11%
asseoir
11%
cinquante
11%
bientĂ´t
0%
boissons
0%
compagnie
0%
complet
0%
compris,
0%
devenir
0%
devenu
0%
Ă©quipage
0%
escroc
0%
fameuse
0%
félicité.
0%
formé
0%
incurable
0%
installer
0%
lassèrent
0%
lors
0%
loua
0%
luxe
0%
mal
0%
meilleur
0%
millions
0%
monotone.
0%
occupation :
0%
parasol,
0%
particulier
0%
pieds,
0%
profiter
0%
projet
0%
puissent
0%
rapportés
0%
remplirait
0%
satisfait
0%
seul
0%
siroter
0%
transat
0%
unique
0%
valise.
0%
yacht
0%

Distribution des résultats

Percentile par nombre de réponses

% des personnes avec chaque résultat

Votre développement - résultats

Vous n’avez pas pris ce quiz